Zmeny v oblasti poskytovania internetových balíkov k hlasovým mobilným paušálom na slovenskom trhu

Reakcia slovenských mobilných operátorov na novú situáciu na trhu. Mobilný internet ako súčasť všetkých mobilných hlasových programov na Slovensku. Internet v mobilných zariadeniach. Centrálna regulácia roamingových poplatkov.

Guardado en:
Detalles Bibliográficos
Autor principal: Pólya, Attila
Formato: Capítulo de libro
Lenguaje:eslovaco
Materias:
Etiquetas: Agregar Etiqueta
Sin Etiquetas, Sea el primero en etiquetar este registro!

MARC

LEADER 00000nla a2200000 4500
001 0240021
005 20240502073907.4
041 0 |a slo 
044 |a SK 
245 1 0 |a Zmeny v oblasti poskytovania internetových balíkov k hlasovým mobilným paušálom na slovenskom trhu  |c Attila Pólya 
520 |a Reakcia slovenských mobilných operátorov na novú situáciu na trhu. Mobilný internet ako súčasť všetkých mobilných hlasových programov na Slovensku. Internet v mobilných zariadeniach. Centrálna regulácia roamingových poplatkov. 
610 2 0 |a internet 
610 2 0 |a dáta 
610 2 0 |a Slovensko 
610 2 0 |a regulácia cenová 
610 2 0 |a regulácia operatívna 
610 2 0 |a operátori 
610 2 0 |a telekomunikácie 
100 1 |a Pólya, Attila